[Event "Titled Tuesday intern op 28th Dec"]
[Site "Chess.com INT"]
[Date "2021.12.28"]
[Round "6"]
[White "Taboas Rodriguez, Daniel"]
[Black "Jorquera Cahuin, Marcelo Joaquin"]
[Result "1-0"]
[WhiteElo "2367"]
[BlackElo "2233"]
[PlyCount "45"]
[EventDate "2021.12.28"]
[EventType "swiss (blitz)"]
[EventRounds "11"]
[EventCountry "USA"]
[SourceTitle "CBM 206 Extra"]
[Source "ChessBase"]
[SourceDate "2022.03.31"]
[SourceVersion "1"]
[SourceVersionDate "2022.03.31"]
[SourceQuality "1"]

1. d4 Nf6 2. Nf3 g6 3. c4 Bg7 4. Nc3 O-O 5. e4 d6 6. Be2 e5 7. dxe5 dxe5 8. Qxd8 Rxd8 9. Bg5 Rf8 10. Nd5 Nxd5 11. cxd5 c6 12. Bc4 b5 13. Bb3 a5 14. a3 Bb7 15. d6 Nd7 16. Be7 Rfe8 17. Ng5 Nc5 18. Bxf7+ Kh8 19. Bxe8 Rxe8 20. O-O-O Nd7 21. Kb1 h6 22. Ne6 c5 23. f3 1-0

[Event "Titled Tuesday intern op 28th Dec"]
[Site "Chess.com INT"]
[Date "2021.12.28"]
[Round "6"]
[White "Tanenbaum, Zachary Chen"]
[Black "Silva, Miguel Antonio Neto"]
[Result "0-1"]
[WhiteElo "2146"]
[BlackElo "2233"]
[PlyCount "84"]
[EventDate "2021.12.28"]
[EventType "swiss (blitz)"]
[EventRounds "11"]
[EventCountry "USA"]
[SourceTitle "CBM 206 Extra"]
[Source "ChessBase"]
[SourceDate "2022.03.31"]
[SourceVersion "1"]
[SourceVersionDate "2022.03.31"]
[SourceQuality "1"]

1. e4 e5 2. Nf3 Nc6 3. Bc4 Nf6 4. d3 Bc5 5. c3 d6 6. Nbd2 a5 7. a4 O-O 8. Nf1 d5 9. exd5 Nxd5 10. Ng3 f6 11. O-O Be6 12. Re1 Qd7 13. Qb3 Bf7 14. Bd2 Bb6 15. Rad1 Rfd8 16. Bc1 Re8 17. h3 Rad8 18. Qc2 Be6 19. Qe2 Qf7 20. Nh4 Nce7 21. Qf3 Kh8 22. Nhf5 Nxf5 23. Nxf5 c6 24. Re4 Bc7 25. Rde1 Qd7 26. Ng3 b5 27. axb5 cxb5 28. Ba2 Nf4 29. Bxe6 Nxe6 30. Nh5 Qxd3 31. Qf5 Rd7 32. Bh6 Bd8 33. Be3 g6 34. Qf3 gxh5 35. Qxh5 Ng7 36. Qf3 f5 37. Rxe5 Rxe5 38. Kh2 Bc7 39. g3 Qe4 40. Qe2 f4 41. gxf4 Re8 42. Qg4 Rf7 0-1

[Event "Titled Tuesday intern op 28th Dec"]
[Site "Chess.com INT"]
[Date "2021.12.28"]
[Round "6"]
[White "Van den Dikkenberg, Erik"]
[Black "Estrada Nieto, Julian"]
[Result "0-1"]
[WhiteElo "2158"]
[BlackElo "2253"]
[PlyCount "58"]
[EventDate "2021.12.28"]
[EventType "swiss (blitz)"]
[EventRounds "11"]
[EventCountry "USA"]
[SourceTitle "CBM 206 Extra"]
[Source "ChessBase"]
[SourceDate "2022.03.31"]
[SourceVersion "1"]
[SourceVersionDate "2022.03.31"]
[SourceQuality "1"]

1. e4 e5 2. f4 d5 3. Nf3 exf4 4. exd5 Bd6 5. d4 Ne7 6. Nc3 O-O 7. Be2 c6 8. dxc6 Nbxc6 9. O-O Ng6 10. Nb5 Bb8 11. c4 a6 12. Nc3 Ba7 13. Kh1 Bg4 14. d5 Bxf3 15. Bxf3 Nce5 16. Ne4 Nxc4 17. Qb3 b5 18. a4 Qd7 19. axb5 axb5 20. Ra6 Be3 21. Rxa8 Rxa8 22. Bxe3 Nxe3 23. Re1 Ne5 24. Nc5 Qd6 25. Nb7 Qg6 26. Rg1 Nxf3 27. gxf3 Qh5 28. Rg4 Ra1+ 29. Rg1 Qxf3# 0-1

[Event "Titled Tuesday intern op 28th Dec"]
[Site "Chess.com INT"]
[Date "2021.12.28"]
[Round "6"]
[White "Vivas Zamora, Fabian Ernesto"]
[Black "Zhou, Qiyu"]
[Result "1-0"]
[WhiteElo "2344"]
[BlackElo "2218"]
[PlyCount "99"]
[EventDate "2021.12.28"]
[EventType "swiss (blitz)"]
[EventRounds "11"]
[EventCountry "USA"]
[SourceTitle "CBM 206 Extra"]
[Source "ChessBase"]
[SourceDate "2022.03.31"]
[SourceVersion "1"]
[SourceVersionDate "2022.03.31"]
[SourceQuality "1"]

1. c4 e5 2. Nc3 Nc6 3. Nf3 Bc5 4. e3 a5 5. Nxe5 Nxe5 6. d4 Nxc4 7. dxc5 Ne5 8. b3 Nf6 9. Bb2 O-O 10. Nd5 Nxd5 11. Qxd5 Ng6 12. h4 h6 13. Qd4 f6 14. Bd3 Ne5 15. Bc2 d5 16. cxd6 cxd6 17. f4 Ng4 18. O-O-O Nf2 19. Qd5+ Kh8 20. Rh3 Nxd1 21. Qd3 f5 22. Qxd1 Be6 23. Rg3 Rf7 24. Rg6 Qd7 25. Qh5 Kg8 26. Qxh6 Kf8 27. Qh8+ Ke7 28. Qxa8 Qc7 29. Qa7 Kd7 30. Qd4 d5 31. Rxg7 Kd8 32. Rxf7 Qxf7 33. Qh8+ Kd7 34. Qg7 Qxg7 35. Bxg7 Bf7 36. Be5 Ke6 37. Bd3 Bh5 38. Kd2 b6 39. Be2 Bg6 40. g4 Bh7 41. g5 Bg6 42. h5 Be8 43. g6 a4 44. g7 Bf7 45. h6 axb3 46. axb3 Bg8 47. Bh5 Bh7 48. Bg6 Bxg6 49. g8=Q+ Bf7 50. Qc8+ 1-0

[Event "Titled Tuesday intern op 28th Dec"]
[Site "Chess.com INT"]
[Date "2021.12.28"]
[Round "6"]
[White "Vovk, Orest"]
[Black "Manon Og, Ramon Jr"]
[Result "1-0"]
[WhiteElo "2315"]
[BlackElo "2064"]
[PlyCount "107"]
[EventDate "2021.12.28"]
[EventType "swiss (blitz)"]
[EventRounds "11"]
[EventCountry "USA"]
[SourceTitle "CBM 206 Extra"]
[Source "ChessBase"]
[SourceDate "2022.03.31"]
[SourceVersion "1"]
[SourceVersionDate "2022.03.31"]
[SourceQuality "1"]

1. h4 Nf6 2. h5 h6 3. Nc3 d5 4. e4 d4 5. e5 dxc3 6. exf6 cxb2 7. Bxb2 exf6 8. Qe2+ Qe7 9. Qxe7+ Bxe7 10. O-O-O Be6 11. Kb1 O-O 12. Nf3 Nc6 13. Bb5 Nb4 14. a3 Nd5 15. Rhe1 Bc5 16. Nd4 Bg4 17. Be2 Bxe2 18. Rxe2 Nf4 19. Re4 Bxd4 20. Rxf4 Bxb2 21. Kxb2 Rfe8 22. d3 Re2 23. Kc3 Rae8 24. Rd2 Re1 25. Rd4 R8e6 26. Rc4 c6 27. Rd4 Re7 28. Rd8+ Kh7 29. Rf8 R1e5 30. g4 g6 31. hxg6+ Kxg6 32. f4 Re1 33. f5+ Kg7 34. Ra8 Rg1 35. Rxa7 Rxg4 36. Rf2 h5 37. a4 h4 38. a5 h3 39. Rh2 Rh4 40. a6 Re5 41. axb7 Rb5 42. Kd2 Kh6 43. Ke3 Kg5 44. c4 Rb3 45. Ra8 Rxb7 46. Rg8+ Kxf5 47. Rg3 Re7+ 48. Kd2 Ra7 49. Rhxh3 Rxh3 50. Rxh3 Kg4 51. Rh6 f5 52. Rxc6 f4 53. Rf6 f3 54. c5 1-0

[Event "Titled Tuesday intern op 28th Dec"]
[Site "Chess.com INT"]
[Date "2021.12.28"]
[Round "6"]
[White "Wagner, Dennis"]
[Black "Nilsen, Tobias Lang"]
[Result "0-1"]
[WhiteElo "2584"]
[BlackElo "2279"]
[PlyCount "54"]
[EventDate "2021.12.28"]
[EventType "swiss (blitz)"]
[EventRounds "11"]
[EventCountry "USA"]
[SourceTitle "CBM 206 Extra"]
[Source "ChessBase"]
[SourceDate "2022.03.31"]
[SourceVersion "1"]
[SourceVersionDate "2022.03.31"]
[SourceQuality "1"]

1. d4 Nf6 2. Nf3 e6 3. c4 c5 4. g3 cxd4 5. Nxd4 Nc6 6. Bg2 Ne5 7. Nd2 Qb6 8. N4b3 h5 9. O-O h4 10. c5 Bxc5 11. Nxc5 Qxc5 12. Nb3 Qe7 13. Bf4 d6 14. Qd2 hxg3 15. hxg3 Nh5 16. Be3 Ng4 17. Rfd1 d5 18. Bc5 Qf6 19. e4 b6 20. exd5 bxc5 21. d6 Rb8 22. d7+ Bxd7 23. Qxd7+ Kf8 24. Qd6+ Kg8 25. Qxb8+ Kh7 26. Qb7 Qxf2+ 27. Kh1 Nxg3# 0-1

[Event "Titled Tuesday intern op 28th Dec"]
[Site "Chess.com INT"]
[Date "2021.12.28"]
[Round "6"]
[White "Wagner, Dinara"]
[Black "Bashylina, Luisa"]
[Result "1-0"]
[WhiteElo "2325"]
[BlackElo "1891"]
[PlyCount "73"]
[EventDate "2021.12.28"]
[EventType "swiss (blitz)"]
[EventRounds "11"]
[EventCountry "USA"]
[SourceTitle "CBM 206 Extra"]
[Source "ChessBase"]
[SourceDate "2022.03.31"]
[SourceVersion "1"]
[SourceVersionDate "2022.03.31"]
[SourceQuality "1"]

1. d4 Nf6 2. c4 g6 3. Nf3 Bg7 4. g3 O-O 5. Bg2 d5 6. cxd5 Nxd5 7. O-O Nb6 8. e3 Nc6 9. Nc3 Re8 10. Nh4 e5 11. d5 Na5 12. Rb1 Nac4 13. b3 Nd6 14. e4 f5 15. Nf3 h6 16. Nh4 Kh7 17. Qc2 f4 18. Re1 g5 19. Nf5 Qf6 20. Nxd6 cxd6 21. Nb5 Bd7 22. Nc7 Rec8 23. Ba3 f3 24. Bf1 Rab8 25. Re3 Na8 26. Rc3 Bf8 27. Rc1 Nxc7 28. Rxc7 Rxc7 29. Qxc7 Rd8 30. Rc3 Kg6 31. Rxf3 Qxf3 32. Qxd8 Bg4 33. Bxd6 Bxd6 34. Qxd6+ Kh5 35. Qxe5 Bd7 36. Qe7 Qg4 37. h3 1-0

[Event "Titled Tuesday intern op 28th Dec"]
[Site "Chess.com INT"]
[Date "2021.12.28"]
[Round "6"]
[White "Winkels, Marcel"]
[Black "Magallanes, Rey Jomar"]
[Result "0-1"]
[WhiteElo "1979"]
[BlackElo "2044"]
[PlyCount "48"]
[EventDate "2021.12.28"]
[EventType "swiss (blitz)"]
[EventRounds "11"]
[EventCountry "USA"]
[SourceTitle "CBM 206 Extra"]
[Source "ChessBase"]
[SourceDate "2022.03.31"]
[SourceVersion "1"]
[SourceVersionDate "2022.03.31"]
[SourceQuality "1"]

1. c4 g6 2. Nc3 Bg7 3. g3 d6 4. Bg2 e5 5. Nf3 f5 6. O-O Nf6 7. d3 O-O 8. Bg5 h6 9. Bxf6 Bxf6 10. Nd5 Bg7 11. Rb1 c6 12. Ne3 a5 13. a3 a4 14. Nc2 Na6 15. Nb4 Nc5 16. e3 Be6 17. Qc2 Nb3 18. Rfd1 Qc8 19. d4 f4 20. d5 Bf5 21. e4 Bg4 22. h3 Bxf3 23. Bxf3 fxg3 24. fxg3 Rxf3 0-1

[Event "Titled Tuesday intern op 28th Dec"]
[Site "Chess.com INT"]
[Date "2021.12.28"]
[Round "6"]
[White "Zakhartsov, Vladimir"]
[Black "Kalajzic, Ivan"]
[Result "1-0"]
[WhiteElo "2539"]
[BlackElo "2108"]
[PlyCount "39"]
[EventDate "2021.12.28"]
[EventType "swiss (blitz)"]
[EventRounds "11"]
[EventCountry "USA"]
[SourceTitle "CBM 206 Extra"]
[Source "ChessBase"]
[SourceDate "2022.03.31"]
[SourceVersion "1"]
[SourceVersionDate "2022.03.31"]
[SourceQuality "1"]

1. d4 Nc6 2. Nf3 d6 3. e4 g6 4. d5 Nb8 5. c4 Bg7 6. h3 e5 7. Nc3 a5 8. Be3 Na6 9. Be2 Bd7 10. Nd2 Ne7 11. g4 O-O 12. g5 f5 13. gxf6 Rxf6 14. h4 h5 15. Rg1 Kh7 16. Nf3 Rxf3 17. Bxf3 Bh6 18. Bxh5 Bxe3 19. Bxg6+ Nxg6 20. Qh5+ 1-0

[Event "Titled Tuesday intern op 28th Dec"]
[Site "Chess.com INT"]
[Date "2021.12.28"]
[Round "6"]
[White "Zhang, Alan"]
[Black "Hamley, Ryan"]
[Result "0-1"]
[WhiteElo "2077"]
[BlackElo "2077"]
[PlyCount "88"]
[EventDate "2021.12.28"]
[EventType "swiss (blitz)"]
[EventRounds "11"]
[EventCountry "USA"]
[SourceTitle "CBM 206 Extra"]
[Source "ChessBase"]
[SourceDate "2022.03.31"]
[SourceVersion "1"]
[SourceVersionDate "2022.03.31"]
[SourceQuality "1"]

1. e4 c6 2. d4 d5 3. Nc3 dxe4 4. Nxe4 Nf6 5. Nxf6+ exf6 6. g3 Bd6 7. Nf3 O-O 8. Bg2 Nd7 9. O-O Re8 10. Be3 Nf8 11. c3 Bf5 12. Re1 Qd7 13. Qd2 b5 14. a4 a6 15. Bf4 Be4 16. Bxd6 Qxd6 17. axb5 cxb5 18. b3 Nd7 19. c4 bxc4 20. bxc4 Rac8 21. Qc3 Qc6 22. Rac1 Nb6 23. c5 Nd5 24. Qa3 Qb5 25. Bf1 Qb4 26. Qxb4 Nxb4 27. Nd2 Bd5 28. Rxe8+ Rxe8 29. Rb1 a5 30. Nc4 Nc6 31. Nb6 Be4 32. Rd1 Bf3 33. Rd3 Be4 34. Rd2 Rd8 35. d5 Nb4 36. d6 a4 37. Nxa4 f5 38. Bb5 f6 39. Nc3 Bf3 40. Bc4+ Kf8 41. Nd5 Nc6 42. Ne3 Rb8 43. Bd5 Ne5 44. Nf1 Ke8 0-1

[Event "Titled Tuesday intern op 28th Dec"]
[Site "Chess.com INT"]
[Date "2021.12.28"]
[Round "6"]
[White "Zhuravleva, Olga"]
[Black "Dias, Joao Batista de Sou"]
[Result "1-0"]
[WhiteElo "2278"]
[BlackElo "1838"]
[PlyCount "53"]
[EventDate "2021.12.28"]
[EventType "swiss (blitz)"]
[EventRounds "11"]
[EventCountry "USA"]
[SourceTitle "CBM 206 Extra"]
[Source "ChessBase"]
[SourceDate "2022.03.31"]
[SourceVersion "1"]
[SourceVersionDate "2022.03.31"]
[SourceQuality "1"]

1. e4 e5 2. Nf3 Nc6 3. Bc4 d6 4. d4 exd4 5. Nxd4 Be7 6. Nc3 Nf6 7. O-O O-O 8. h3 Bd7 9. Kh1 a6 10. a4 Nxd4 11. Qxd4 c5 12. Qd3 Bc6 13. f4 Qc7 14. Qf3 Rad8 15. Be3 d5 16. exd5 Nxd5 17. Bxd5 Rxd5 18. Nxd5 Qd6 19. Nxe7+ Qxe7 20. Qg3 Qf6 21. Bxc5 Re8 22. c3 Re2 23. Rf2 Qe6 24. f5 Re1+ 25. Rxe1 Qxe1+ 26. Kh2 h6 27. Bd4 1-0

[Event "Titled Tuesday intern op 28th Dec"]
[Site "Chess.com INT"]
[Date "2021.12.28"]
[Round "6"]
[White "Zierk, Steven C"]
[Black "Yuan, Qingyu"]
[Result "1-0"]
[WhiteElo "2488"]
[BlackElo "2373"]
[PlyCount "83"]
[EventDate "2021.12.28"]
[EventType "swiss (blitz)"]
[EventRounds "11"]
[EventCountry "USA"]
[SourceTitle "CBM 206 Extra"]
[Source "ChessBase"]
[SourceDate "2022.03.31"]
[SourceVersion "1"]
[SourceVersionDate "2022.03.31"]
[SourceQuality "1"]

1. e4 c6 2. d4 d5 3. exd5 cxd5 4. Bd3 Nc6 5. c3 Nf6 6. Bf4 Bg4 7. Qb3 Qd7 8. Nd2 e6 9. Ngf3 Bd6 10. Bxd6 Qxd6 11. O-O O-O 12. Rae1 Bxf3 13. Nxf3 Rab8 14. Ne5 Qc7 15. f4 Ne7 16. f5 exf5 17. Bxf5 Nxf5 18. Rxf5 Rbe8 19. Ref1 Re6 20. g4 h6 21. Qc2 Qb6 22. Qg2 Qb5 23. h4 Ne4 24. Nxf7 Rf6 25. Rxf6 Nxf6 26. Ne5 Qe8 27. Rf5 Ne4 28. Qf3 Rxf5 29. Qxf5 Nf6 30. g5 hxg5 31. hxg5 Ne4 32. g6 Nf6 33. Kf2 a6 34. Ke3 Kf8 35. Kd2 Qb5 36. Nd3 Qe8 37. Nc5 b6 38. Ne6+ Ke7 39. Nxg7 Qg8 40. Qe5+ Kd7 41. Qxf6 Qf8 42. Qxf8 1-0

[Event "Titled Tuesday intern op 28th Dec"]
[Site "Chess.com INT"]
[Date "2021.12.28"]
[Round "6"]
[White "Zong, Davis Jr"]
[Black "Iskusnyh, Sergei"]
[Result "1-0"]
[WhiteElo "2141"]
[BlackElo "2473"]
[PlyCount "83"]
[EventDate "2021.12.28"]
[EventType "swiss (blitz)"]
[EventRounds "11"]
[EventCountry "USA"]
[SourceTitle "CBM 206 Extra"]
[Source "ChessBase"]
[SourceDate "2022.03.31"]
[SourceVersion "1"]
[SourceVersionDate "2022.03.31"]
[SourceQuality "1"]

1. e4 e6 2. d4 d5 3. Nc3 Nf6 4. e5 Nfd7 5. f4 c5 6. Nf3 Be7 7. Be2 O-O 8. O-O f6 9. f5 cxd4 10. Nxd4 Nxe5 11. fxe6 Nbc6 12. Bf4 Qb6 13. Be3 Bc5 14. Na4 Bxd4 15. Nxb6 Bxe3+ 16. Kh1 axb6 17. Qxd5 Ra5 18. Qb3 Kh8 19. Qxe3 Bxe6 20. a3 Bg8 21. Rad1 Rc5 22. c3 Ng6 23. Rd7 Re5 24. Qd2 Re7 25. Rxe7 Ncxe7 26. Qd7 Bd5 27. Bf3 Bc6 28. Bxc6 bxc6 29. Re1 Nd5 30. Qxc6 Ndf4 31. Qxb6 Ne5 32. g3 Nfd3 33. Rf1 h6 34. a4 Nc4 35. Qd4 Ndxb2 36. Ra1 Ra8 37. Qc5 Ra5 38. Qb4 Kh7 39. Ra2 Re5 40. Rxb2 Re1+ 41. Kg2 Ne3+ 42. Kf2 1-0

[Event "Titled Tuesday intern op 28th Dec"]
[Site "Chess.com INT"]
[Date "2021.12.28"]
[Round "7"]
[White "Abdrlauf, Elham"]
[Black "Isanzhulov, Arystan"]
[Result "0-1"]
[WhiteElo "2350"]
[BlackElo "2338"]
[PlyCount "134"]
[EventDate "2021.12.28"]
[EventType "swiss (blitz)"]
[EventRounds "11"]
[EventCountry "USA"]
[SourceTitle "CBM 206 Extra"]
[Source "ChessBase"]
[SourceDate "2022.03.31"]
[SourceVersion "1"]
[SourceVersionDate "2022.03.31"]
[SourceQuality "1"]

1. e4 c6 2. d4 d5 3. Nc3 dxe4 4. Nxe4 Nf6 5. Nxf6+ exf6 6. c3 Bd6 7. Bd3 Na6 8. Ne2 O-O 9. Qc2 g6 10. O-O Nc7 11. Re1 Re8 12. Be3 Nd5 13. Bd2 Qc7 14. h3 b5 15. a4 Bd7 16. b3 Kg7 17. Qc1 g5 18. Bxg5 fxg5 19. Qxg5+ Kh8 20. axb5 Rg8 21. Qh6 Rg7 22. c4 Nf4 23. b6 Qb8 24. b7 Nxh3+ 25. Kf1 Qxb7 26. Qxd6 Rag8 27. Ng3 Qxb3 28. Rad1 Bg4 29. gxh3 Bxd1 30. Be4 Qxc4+ 31. Kg1 Ba4 32. Qf6 Qe6 33. Qf4 Qxh3 34. Bg2 Rxg3 35. fxg3 Qxg3 36. Qf6+ Qg7 37. Qxg7+ Kxg7 38. Ra1 Bb5 39. Rxa7 Rd8 40. d5 cxd5 41. Ra2 Bc4 42. Rd2 f5 43. Kf2 Kf6 44. Rd1 Re8 45. Bf3 Rd8 46. Rh1 Rd7 47. Rh6+ Ke5 48. Rc6 Ra7 49. Rh6 f4 50. Rh5+ Kd4 51. Rh4 Ra2+ 52. Kg1 Ke3 53. Bh1 Ra1+ 54. Kh2 f3 55. Rh3 Be2 56. Rxh7 d4 57. Re7+ Kf2 58. Rd7 d3 59. Rd6 Rxh1+ 60. Kxh1 Ke1 61. Kh2 f2 62. Rb6 f1=Q 63. Rb1+ Kf2 64. Rxf1+ Bxf1 65. Kh1 d2 66. Kh2 d1=Q 67. Kh1 Qh5# 0-1

[Event "Titled Tuesday intern op 28th Dec"]
[Site "Chess.com INT"]
[Date "2021.12.28"]
[Round "7"]
[White "Adewumi, Tanitoluwa"]
[Black "Lauridsen, Jesper Morck"]
[Result "1-0"]
[WhiteElo "2136"]
[BlackElo "2215"]
[PlyCount "129"]
[EventDate "2021.12.28"]
[EventType "swiss (blitz)"]
[EventRounds "11"]
[EventCountry "USA"]
[SourceTitle "CBM 206 Extra"]
[Source "ChessBase"]
[SourceDate "2022.03.31"]
[SourceVersion "1"]
[SourceVersionDate "2022.03.31"]
[SourceQuality "1"]

1. e4 c5 2. Nf3 d6 3. d4 cxd4 4. Nxd4 Nf6 5. Nc3 e6 6. f4 a6 7. Bd3 Nc6 8. Nxc6 bxc6 9. O-O Be7 10. Qe2 d5 11. Bd2 Qb6+ 12. Kh1 Qxb2 13. Rfb1 Qa3 14. Rb3 Qc5 15. e5 Nd7 16. Na4 Qa7 17. c4 Nc5 18. Be3 O-O 19. Rab1 Rd8 20. Nb6 Rb8 21. cxd5 cxd5 22. Nxc8 Rbxc8 23. Rb7 Qxb7 24. Rxb7 Nxb7 25. Bxa6 Nc5 26. Bxc8 Rxc8 27. Bxc5 Bxc5 28. g3 Rb8 29. Qc2 Bd4 30. Qc7 Rf8 31. a4 h5 32. a5 h4 33. Qb7 h3 34. a6 Be3 35. a7 Bxa7 36. Qxa7 Rc8 37. Kg1 Rc1+ 38. Kf2 Rc2+ 39. Kg1 Rc1+ 40. Kf2 Rc2+ 41. Kf3 Rxh2 42. Kg4 Rh1 43. Qf2 h2 44. Qg2 Rc1 45. Qxh2 d4 46. Qd2 Rc4 47. Kf3 Rc3+ 48. Kg4 Rc4 49. Qd3 Rb4 50. Qa3 Rc4 51. Qa6 Rc3 52. Qa5 g6 53. Qd8+ Kg7 54. Qxd4 Rc2 55. Kg5 Rc8 56. g4 Rh8 57. Qa7 Rh3 58. Qe7 Rh2 59. Qf6+ Kg8 60. Qd8+ Kg7 61. Qd4 Rh3 62. f5 gxf5 63. gxf5 exf5 64. e6+ Kg8 65. Qd8+ 1-0

[Event "Titled Tuesday intern op 28th Dec"]
[Site "Chess.com INT"]
[Date "2021.12.28"]
[Round "7"]
[White "Agasarov, Benik"]
[Black "Ramirez, Vido Robert"]
[Result "0-1"]
[WhiteElo "2205"]
[BlackElo "2104"]
[PlyCount "152"]
[EventDate "2021.12.28"]
[EventType "swiss (blitz)"]
[EventRounds "11"]
[EventCountry "USA"]
[SourceTitle "CBM 206 Extra"]
[Source "ChessBase"]
[SourceDate "2022.03.31"]
[SourceVersion "1"]
[SourceVersionDate "2022.03.31"]
[SourceQuality "1"]

1. e4 d6 2. d4 Nf6 3. Nc3 g6 4. Bg5 Bg7 5. e5 dxe5 6. dxe5 Ng4 7. Qxd8+ Kxd8 8. f4 f6 9. O-O-O+ Bd7 10. Bh4 Ne3 11. Re1 Nxf1 12. exf6 Bxf6 13. Bxf6 exf6 14. Rxf1 Nc6 15. Nf3 Re8 16. Nd5 Re6 17. Rd1 Ne7 18. Nd4 Rd6 19. Nxe7 Kxe7 20. Rhe1+ Kf7 21. c4 Re8 22. Rxe8 Bxe8 23. c5 Rd5 24. b4 a5 25. a3 axb4 26. axb4 Ba4 27. Rd2 b6 28. Nf3 Rxd2 29. Kxd2 bxc5 30. bxc5 Bc6 31. Ne1 Ke6 32. Kc3 Be4 33. Kd4 f5 34. h3 Kd7 35. g4 Kc6 36. gxf5 gxf5 37. Kc4 h6 38. h4 h5 39. Kd4 Kb5 40. Ke5 Kxc5 41. Kf6 Kd4 42. Kg5 Ke3 43. Kxh5 Ke2 44. Nc2 Bxc2 45. Kg5 Ba4 46. h5 Bb3 47. h6 Bg8 48. Kg6 c5 49. Kg7 c4 50. Kxg8 c3 51. h7 c2 52. h8=Q c1=Q 53. Qe5+ Kf3 54. Qxf5 Qxf4 55. Qd3+ Qe3 56. Qd5+ Ke2 57. Qg2+ Kd3 58. Qf1+ Kd4 59. Qf6+ Qe5 60. Qb6+ Kd5 61. Qb2 Qxb2 62. Kf7 Qd4 63. Kg6 Qe5 64. Kf7 Kd6 65. Kg6 Qe6+ 66. Kh7 Qf5+ 67. Kh6 Ke5 68. Kg7 Qf4 69. Kg8 Qf5 70. Kg7 Qf4 71. Kh7 Ke6 72. Kg6 Qf6+ 73. Kh5 Qg7 74. Kh4 Kf5 75. Kh3 Qg1 76. Kh4 Qg4# 0-1

[Event "Titled Tuesday intern op 28th Dec"]
[Site "Chess.com INT"]
[Date "2021.12.28"]
[Round "7"]
[White "Aggelis, Nikolaos"]
[Black "Manon Og, Ramon Jr"]
[Result "0-1"]
[WhiteElo "2284"]
[BlackElo "2064"]
[PlyCount "72"]
[EventDate "2021.12.28"]
[EventType "swiss (blitz)"]
[EventRounds "11"]
[EventCountry "USA"]
[SourceTitle "CBM 206 Extra"]
[Source "ChessBase"]
[SourceDate "2022.03.31"]
[SourceVersion "1"]
[SourceVersionDate "2022.03.31"]
[SourceQuality "1"]

1. d4 Nf6 2. Nf3 g6 3. g3 Bg7 4. Bg2 d5 5. O-O O-O 6. c4 c6 7. cxd5 cxd5 8. Nc3 Ne4 9. Ng5 Nxc3 10. bxc3 Nc6 11. Qb3 e6 12. e4 Na5 13. Qc2 h6 14. Nf3 b6 15. exd5 exd5 16. Ne5 Bf5 17. Qa4 Rc8 18. Bd2 Qd6 19. Bf4 Qd8 20. Rac1 a6 21. Rfe1 b5 22. Qa3 g5 23. Be3 Re8 24. f4 f6 25. Nf3 Nc4 26. Qxa6 Rxe3 27. Qxb5 Be4 28. fxg5 hxg5 29. a4 Rb8 30. Qa6 Rb6 31. Qa7 Rb2 32. a5 Rxg2+ 33. Kxg2 Bxf3+ 34. Kf2 Qe8 35. a6 Re2+ 36. Kf1 Bg2+ 0-1

[Event "Titled Tuesday intern op 28th Dec"]
[Site "Chess.com INT"]
[Date "2021.12.28"]
[Round "7"]
[White "Alavkin, Arseny Nailievich"]
[Black "Hollan, Petr"]
[Result "1-0"]
[WhiteElo "2373"]
[BlackElo "2285"]
[PlyCount "83"]
[EventDate "2021.12.28"]
[EventType "swiss (blitz)"]
[EventRounds "11"]
[EventCountry "USA"]
[SourceTitle "CBM 206 Extra"]
[Source "ChessBase"]
[SourceDate "2022.03.31"]
[SourceVersion "1"]
[SourceVersionDate "2022.03.31"]
[SourceQuality "1"]

1. e4 c5 2. Nf3 Nc6 3. d4 cxd4 4. Nxd4 Nf6 5. Nc3 e5 6. Ndb5 d6 7. Nd5 Nxd5 8. exd5 Nb8 9. a4 Be7 10. Be2 O-O 11. O-O Nd7 12. Be3 a6 13. Na3 f5 14. f4 g6 15. Nc4 e4 16. a5 Nf6 17. Nb6 Rb8 18. c4 Bd7 19. b4 Be8 20. Rc1 Bf7 21. Qd4 Nd7 22. c5 dxc5 23. bxc5 Nxb6 24. axb6 Qxd5 25. Qb4 Qc6 26. Rfd1 Rfd8 27. Rd4 Rxd4 28. Bxd4 Rd8 29. Ba1 Bf6 30. Bxf6 Qxf6 31. c6 bxc6 32. b7 Rb8 33. Qb6 Qd6 34. Rxc6 Qxf4 35. Rc8+ Kg7 36. Rc7 Kg8 37. g3 Qd2 38. Rc8+ Kg7 39. Rxb8 Qxe2 40. Rg8+ Bxg8 41. Qd4+ Kh6 42. b8=Q 1-0

[Event "Titled Tuesday intern op 28th Dec"]
[Site "Chess.com INT"]
[Date "2021.12.28"]
[Round "7"]
[White "Artemenko, Oleg"]
[Black "Kamsky, Gata"]
[Result "0-1"]
[WhiteElo "2246"]
[BlackElo "2657"]
[PlyCount "82"]
[EventDate "2021.12.28"]
[EventType "swiss (blitz)"]
[EventRounds "11"]
[EventCountry "USA"]
[SourceTitle "CBM 206 Extra"]
[Source "ChessBase"]
[SourceDate "2022.03.31"]
[SourceVersion "1"]
[SourceVersionDate "2022.03.31"]
[SourceQuality "1"]

1. d4 d5 2. Nc3 Bf5 3. Bf4 c6 4. f3 Nf6 5. g4 Bg6 6. h4 h6 7. e3 e6 8. Bd3 Bxd3 9. Qxd3 Bd6 10. Nge2 Qe7 11. O-O-O Nbd7 12. Bxd6 Qxd6 13. Nf4 e5 14. dxe5 Nxe5 15. Qe2 O-O-O 16. g5 hxg5 17. hxg5 Rxh1 18. Rxh1 Nfd7 19. Nd3 Re8 20. Nxe5 Qxe5 21. f4 Qxe3+ 22. Qxe3 Rxe3 23. Rh7 d4 24. Kd2 Nb6 25. Nd1 Nc4+ 26. Kc1 Re1 27. Rh2 Ne3 28. Rd2 Nxd1 29. Rxd1 Rxd1+ 30. Kxd1 Kd7 31. Kd2 Ke6 32. Kd3 Kf5 33. Kxd4 Kxf4 34. Kc5 Kxg5 35. Kd6 f5 36. Kc7 f4 37. Kxb7 f3 38. Kxc6 f2 39. Kb7 f1=Q 40. Kxa7 Kf6 41. a4 g5 0-1